The noble scholar, jurist, historian


 His Excellency Dr. Abdul Wahhab bin Ibrahim Abu Sulaiman, may Allah have mercy on him.


 He was born in Umm Al-Qura in the year 1356 AH.

مفهوم الترتيل في القرآن الكريم : (Record no. 12475)

MARC details
000 -LEADER
fixed length control field 01960cam a2200325 i 4500
003 - CONTROL NUMBER IDENTIFIER
control field SA-RiAUC
005 - DATE AND TIME OF LATEST TRANSACTION
control field 20251008065351.0
008 - FIXED-LENGTH DATA ELEMENTS--GENERAL INFORMATION
fixed length control field 251004s2007 mr g b 00010 ara c
020 ## - INTERNATIONAL STANDARD BOOK NUMBER
International Standard Book Number 9954886516
024 0# - OTHER STANDARD IDENTIFIER
Standard number or code 00000001027024
040 ## - CATALOGING SOURCE
Original cataloging agency SA-MaUQU
Language of cataloging ara
Transcribing agency SA-RiAUC
Modifying agency AE-DuMBRL
Description conventions rda
050 #4 - LIBRARY OF CONGRESS CALL NUMBER
Item number .A23 2007
082 04 - DEWEY DECIMAL CLASSIFICATION NUMBER
Classification number 228.9
Assigning agency SA-RiAUC
090 ## - LOCALLY ASSIGNED LC-TYPE CALL NUMBER (OCLC); LOCAL CALL NUMBER (RLIN)
Classification number (OCLC) (R) ; Classification number, CALL (RLIN) (NR) 228.9
Local cutter number (OCLC) ; Book number/undivided call number, CALL (RLIN) ع ب ا
100 1# - MAIN ENTRY--PERSONAL NAME
Personal name عبادي، أحمد،
Dates associated with a name 1960-
Relator term مؤلف.
245 10 - TITLE STATEMENT
Title مفهوم الترتيل في القرآن الكريم :
Remainder of title النظرية والمنهج /
Statement of responsibility, etc. تأليف أحمد عبادي.
250 ## - EDITION STATEMENT
Edition statement الطبعة الأولى.
264 #1 - PRODUCTION, PUBLICATION, DISTRIBUTION, MANUFACTURE, AND COPYRIGHT NOTICE
Place of production, publication, distribution, manufacture الرباط :
Name of producer, publisher, distributor, manufacturer دار أبي رقراق للطباعة والنشر،
Date of production, publication, distribution, manufacture, or copyright notice 2007.
300 ## - PHYSICAL DESCRIPTION
Extent 280 صفحة ؛
Dimensions 24 × 17 سم
336 ## - CONTENT TYPE
Content type term نص
Content type code txt
Source rdacontent
Materials specified كتاب
337 ## - MEDIA TYPE
Media type term بدون وسيط
Media type code n
Source rdamedia
338 ## - CARRIER TYPE
Carrier type term مجلد
Carrier type code nc
Source rdacarrier
500 ## - GENERAL NOTE
General note ببليوجرافية : صفحة 267-276.
505 0# - FORMATTED CONTENTS NOTE
Formatted contents note المحتويات : الباب الأول : نظرية الترتيل-الفصل الأول : العلاقة بين الوحدة البنائية والوحدة المعرفية-المبحث الأول : بنائية القرآن المجيد-المبحث الثاني : أهمية بنائية القرآن الكريم في المجال المعرفي-المبحث الثالث : بين علوم التسخير وعلوم التيسير-أولا علوم التسخير وعلاقتها بالوحدة البنائية-مفهوم التسخير-علاقة التسخير بالوحدة البنائية للكون-ثانيا : علوم التيسير وعلاقتها بالوحدة النهائية للقرآن-مفهوم التيسير ... وموضوعات أخرى.
630 27 - SUBJECT ADDED ENTRY--UNIFORM TITLE
Uniform title القرآن
General subdivision تجويد
Source of heading or term aucut
630 27 - SUBJECT ADDED ENTRY--UNIFORM TITLE
Uniform title القرآن
General subdivision آداب التلاوة
Source of heading or term aucut
730 22 - ADDED ENTRY--UNIFORM TITLE
Uniform title القرآن
942 ## - ADDED ENTRY ELEMENTS (KOHA)
Source of classification or shelving scheme Dewey Decimal Classification
Koha item type Books
Suppress in OPAC No
949 ## - LOCAL PROCESSING INFORMATION (OCLC)
a SA-JeALM
d 251004
u mohamedma123
n 1
Holdings
Withdrawn status Lost status Source of classification or shelving scheme Damaged status Not for loan Home library Current library Date acquired Total checkouts Full call number Barcode Date last seen Price effective from Koha item type
    Dewey Decimal Classification     DR AbdElwahab Library DR AbdElwahab Library 10/08/2025   228.9 ع ب ا 000020091 10/08/2025 10/08/2025 Books